LEADER 01165nam a2200265 i 4500 001 000000058463 003 CaOOAMICUS 005 20120820000000.0 008 120820s1979 xx u000 u ger u 013 $a29635 020 $a3-534-07505-6 040 $aSeMil$bita 100 1 $aMeinhold, Peter <1907-1981>.$0(OLS)http://semarc/name/7068 245 14$aDas Problem der Kirchengliedschaft Heute /$cherausgegeben von Peter Meinhold. 260 $aDarmstadt :$bWissenschaftliche Buchgesellschaft,$c1979. 300 $aVII, 442 p. ;$c20 cm. 490 0 $aWege der Forschung ;$v524 650 4$aAppartenenza alla Chiesa.$0(OLS)http://semarc/subject/9957 650 4$aDiritto canonico - Studi.$0(OLS)http://semarc/subject/1680 830 0$aWege der Forschung ;$v524.$0(OLS)http://semarc/title/24352 850 $aSeMil 852 $aSeMil$W1$xVenegono$y1$m2J I 179$j24616$B24616$CSeMilBibl$Z2$F24619 $81 996 $6020$a3-534-07505-6$9(OLS)http://semarc/number/34073 996 $6245$aDas Problem der Kirchengliedschaft Heute$9(OLS)http://semarc/title/91141 996 $6260$aDarmstadt :$bWissenschaftliche Buchgesellschaft$9(OLS)http://semarc/publisher/32002 LEADER 01233nam a2200289 i 4500 001 000000115275 003 CaOOAMICUS 005 20090727000000.0 008 090727s1982 it u000 u ita u 013 $a87964 020 $a88-7293-049-9 040 $aSeMil$bita 100 1 $aButtiglione, Rocco,$d<1948- >.$0(OLS)http://semarc/name/15569 245 12$aL'uomo e il lavoro :$briflessioni sull'enciclica «Laborem Exercens» /$cRocco Buttiglione. 260 $aBologna :$bCSEO,$c1982. 300 $a132 p. ;$c21 cm. 490 0 $aCSEO biblioteca. Verifiche 500 $aFondo Card. C.M. Martini. 650 4$aGiovanni Paolo II - Encicliche . Laborem exercens.$0(OLS)http://semarc/subject/17596 830 0$aCSEO biblioteca. Verifiche.$0(OLS)http://semarc/title/18889 850 $aSeMil 852 $aSeMil$W1$xVenegono$y1$m2A III 142$j70806$B70806$CSeMilBibl$Z2$F101740 $81 941 1 $a4 961 $aLascito: Ciapparella don Eligio 996 $6020$a88-7293-049-9$9(OLS)http://semarc/number/98999 996 $6245$aL'uomo e il lavoro :$briflessioni sull'enciclica «Laborem Exercens»$9(OLS)http://semarc/title/168792 996 $6260$aBologna :$bCSEO$9(OLS)http://semarc/publisher/30794